Pojetí ekonomické výkonnosti a možnosti jejího měření

Chápanie ekonomickej výkonnosti. Medzinárodné porovnanie hrubého domáceho produktu. Ukazovateľ reálneho dôchodku. Vplyv výmenných relácií na reálny dôchodok.

Guardado en:
Detalles Bibliográficos
Autor principal: Uhrová, Natalie
Formato: Capítulo de libro
Lenguaje:checo
Materias:
Etiquetas: Agregar Etiqueta
Sin Etiquetas, Sea el primero en etiquetar este registro!

MARC

LEADER 00000naa$a2200000$$$4500
001 0049783
005 20231107105852.6
041 0 |a cze 
044 |a CZ 
245 1 0 |a Pojetí ekonomické výkonnosti a možnosti jejího měření  |c Natalie Uhrová 
520 |a Chápanie ekonomickej výkonnosti. Medzinárodné porovnanie hrubého domáceho produktu. Ukazovateľ reálneho dôchodku. Vplyv výmenných relácií na reálny dôchodok. 
610 2 0 |a výkonnosť ekonomiky 
610 2 0 |a porovnanie medzinárodné 
610 2 0 |a produkt domáci hrubý 
610 2 0 |a relácie výmenné 
610 2 0 |a meranie produktivity 
610 2 0 |a úroveň rozvoja hospodárskeho 
610 2 0 |a tempo rastu hospodárskeho 
100 1 |a Uhrová, Natalie